Hidrotimetría (Record no. 152573)

MARC details
000 -LEADER
campo de control de longitud fija 00960nam a22002055i 4500
001 - NÚMERO DE CONTROL
campo de control 152573
003 - IDENTIFICADOR DE NÚMERO DE CONTROL
campo de control ES-MaACL
005 - FECHA Y HORA DE LA ÚLTIMA TRANSACCIÓN
campo de control 20230906204812.0
008 - DATOS DE LONGITUD FIJA--INFORMACIÓN GENERAL
campo de control de longitud fija 990708s1879 sp a |||| | spa d
040 ## - FUENTE DE CATALOGACIÓN
Centro catalogador/agencia de origen M-RAF
Lengua de catalogación spa
Centro/agencia transcriptor M-RAF
Centro/agencia modificador CCPB | B
100 0# - ENTRADA PRINCIPAL--NOMBRE DE PERSONA
Nombre de persona Boutron.
9 (RLIN) 126133
245 10 - MENCIÓN DEL TÍTULO
Título Hidrotimetría
Resto del título : nuevo método para determinar las proporciones de las materias minerales /
Mención de responsabilidad, etc. Boutron, F. Boudet.
260 ## - PUBLICACIÓN, DISTRIBUCIÓN, ETC.
Lugar de publicación, distribución, etc. Madrid :
Nombre del editor, distribuidor, etc. Redacción del Semanario farmacéutico,
Fecha de publicación, distribución, etc. 1879.
300 ## - DESCRIPCIÓN FÍSICA
Extensión 91 p. :
Otras características físicas il. ;
Dimensiones 23 cm.
530 ## - NOTA DISPONIBLE DE FORMULARIO FÍSICO ADICIONAL
Nota de formato físico adicional disponible Disponible en formato digital.
650 #4 - PUNTO DE ACCESO ADICIONAL DE MATERIA--TÉRMINO DE MATERIA
Término de materia o nombre geográfico como elemento de entrada Agua-
Subdivisión general Análisis.
9 (RLIN) 139125
700 11 - ENTRADA AGREGADA--NOMBRE PERSONAL
Nombre de persona Boudet, F.
9 (RLIN) 30853
852 ## - LOCALIZACIÓN
Ubicación ES-MaACL
Número de control de estantería T-317-F-8
Nota libre -- Enc. hol.
-- -- Enc. en un vol. facticio
Encuadernación -- Edic.: El tit. continua: "... materias minerales disueltas en las aguas de manantiales y rios / por Boutron y F. Boudet; version española ..."
856 ## - LOCALIZACIÓN Y ACCESO ELECTRÓNICOS
Identificador Uniforme de Recursos <a href="http://bdh-rd.bne.es/viewer.vm?id=0000047207&page=1 ">http://bdh-rd.bne.es/viewer.vm?id=0000047207&page=1 </a>
Nota pública Biblioteca Digital Hispánica
Holdings
Estatus retirado Estado de pérdida Estado de daño No para préstamo Colección Biblioteca de origen Biblioteca actual Ubicación en estantería Fecha de adquisición Total de préstamos Signatura topográfica completa Código de barras Visto por última vez Precio de reemplazo Tipo de ítem Koha
        Colección de folletos Biblioteca del Ateneo de Madrid Biblioteca del Ateneo de Madrid Depósito folletos 17/01/2008   T-317-F-8 1159327 23/02/2023 23/02/2023 Folleto